| 000 | 00493nam a22001817a 4500 | ||
|---|---|---|---|
| 003 | CEME | ||
| 005 | 20210628203013.0 | ||
| 008 | 210216b xxu||||| |||| 00| 0 eng d | ||
| 020 | _a0-8493-9652-2 | ||
| 040 | _c. | ||
| 082 | _a624.171 SAT | ||
| 100 |
_aSathyamoorthy, Muthukrishnan _962822 |
||
| 245 | _aNonlinear analysis of structures | ||
| 260 |
_aBOSTON _bCRC PRESS _c1997 |
||
| 300 | _a620P | ||
| 650 |
_aSTRUCTURAL ANALYSIS(ENGINEERING),NONLINEAR THEORIES _962823 |
||
| 942 |
_cBK _2ddc |
||
| 999 |
_c571800 _d571800 |
||